000
00216 a2200097 4500
001
26856
100
_a
Thomson, W.Tn
245
_a
Viration theory and applictions
260
_a
_b
Allen Unwi
_c
090
_c
18089
_d
18089
942
_a
NUST-CAE
_c
M
_c
8990
999
_c
261929
_d
261929